Giáo trình kinh tế chính trị Mác - Lênin về phương thức sản xuất tư bản chủ nghĩa

Salvato in:
Dettagli Bibliografici
Natura: Libro
Pubblicazione: Chính trị quốc gia 2001
Tags: Aggiungi Tag
Nessun Tag, puoi essere il primo ad aggiungerne! !
Thư viện lưu trữ: Mạng thư viện Đại học Đà Nẵng
LEADER 00657nam a2200217 a 4500
001 000029563
003 11957
005 20171030145630.0
008 171030s2001
020 |c 35000 
040 |a LTT 
082 0 |a 335.41  |b Gi-T 
245 0 0 |a Giáo trình kinh tế chính trị Mác - Lênin về phương thức sản xuất tư bản chủ nghĩa  |c Chu Văn Cấp (Chủ biên), Đỗ Thế Tùng, Nguyễn Đình Kháng, . 
260 |b Chính trị quốc gia  |c 2001 
OWN |a LTT 
999 |a From the UDN01 
TYP |a Monograph 
TYP |a Printed language 
980 |a Mạng thư viện Đại học Đà Nẵng